000 01096naa a22002897a 4500
001 BR7704867
003 BR-BrBNA
005 20240918174036.0
007 ta
008 230509b bl.||||| |||| 00| 0 por d
040 _aBR-BrBNA
_bpor
_cBiblioteca Nacional de Agricultura
041 _a(Pt)
072 _aF60
_b2120
090 _aF60 BR7704867
100 1 _aKupper, A.
100 1 _aGrohmann, F.
100 1 _aFranco, C.M.
111 1 _a5. Congresso Brasileiro de Pesquisas Cafeeiras
_cGuarapari, ES (Brazil)
_d18 Oct 1977
245 1 _aA massa especifica aparente do solo como fator limitante do desenvolvimento do sistema radicular do cafeeiro
260 3 _aRio de Janeiro, RJ (Brasil):
_c1977.
500 _aResumos do 5. Congresso Brasileiro de Pesquisas Cafeeiras Rio de Janeiro, RJ (Brasil): 1977. p. 144-145 (BR7704867-AM)F60
650 _aCAFE
650 _aENRAIZAMENTO
773 0 _tResumos do 5. Congresso Brasileiro de Pesquisas Cafeeiras
_wF60 BR7704867
_gRio de Janeiro, RJ (Brasil), 1977. p. 144-145
909 _a202404
_bLucia
_c55
_dLucia Elande
942 _cAM
_2AGRIS
999 _c308541
_d308541